Most Populous Cities in the U.S. - 1950 Census - Statistics

General Stats
  • This quiz has been taken 28 times
  • The average score is 73 of 100
Answer Stats
Answer State Population % Correct
Atlanta GA 331,314
100%
Baltimore MD 949,708
100%
Boston MA 801,444
100%
Buffalo NY 580,132
100%
Chicago IL 3,620,962
100%
Cincinnati OH 503,998
100%
Cleveland OH 914,808
100%
Columbus OH 375,901
100%
Dallas TX 434,462
100%
Denver CO 415,786
100%
Houston TX 596,163
100%
Indianapolis IN 427,173
100%
Kansas City MO 456,622
100%
Kansas City KS 129,553
100%
Los Angeles CA 1,970,358
100%
Miami FL 249,276
100%
Nashville TN 174,307
100%
New Orleans LA 570,445
100%
New York City NY 7,891,957
100%
Omaha NE 251,117
100%
Philadelphia PA 2,071,605
100%
Pittsburgh PA 676,806
100%
Portland OR 373,628
100%
San Francisco CA 775,357
100%
Seattle WA 467,591
100%
Washington DC 802,178
100%
Austin TX 132,459
93%
Birmingham AL 326,037
93%
Detroit MI 1,849,568
93%
Memphis TN 396,000
93%
Milwaukee WI 637,392
93%
Minneapolis MN 521,718
93%
Newark NJ 438,776
93%
Oklahoma City OK 243,504
93%
Sacramento CA 137,572
93%
San Diego CA 334,387
93%
Springfield MA 162,399
93%
St. Louis MO 856,796
93%
Albany NY 134,995
87%
El Paso TX 130,485
87%
Fort Worth TX 278,778
87%
Jacksonville FL 204,517
87%
Louisville KY 369,129
87%
Oakland CA 384,575
87%
Providence RI 248,674
87%
San Antonio TX 408,442
87%
Akron OH 274,605
80%
Charlotte NC 134,042
80%
Jersey City NJ 299,017
80%
Phoenix AZ 106,818
80%
Salt Lake City UT 182,121
80%
St. Paul MN 311,349
80%
Baton Rouge LA 125,629
73%
Dayton OH 243,872
73%
Des Moines IA 177,965
73%
Richmond VA 230,310
73%
Rochester NY 332,488
73%
Syracuse NY 220,583
73%
Tampa FL 124,681
73%
Hartford CT 177,397
67%
Norfolk VA 213,513
67%
Tacoma WA 143,673
67%
Toledo OH 303,616
67%
Knoxville TN 124,769
60%
Long Beach CA 250,767
60%
Savannah GA 119,638
60%
Tulsa OK 182,740
60%
Worcester MA 203,486
60%
Corpus Christi TX 108,287
53%
Fort Wayne IN 133,607
53%
Grand Rapids MI 176,515
53%
Shreveport LA 127,206
53%
Spokane WA 161,721
53%
Trenton NJ 128,009
53%
Yonkers NY 152,798
53%
Bridgeport CT 158,709
47%
Cambridge MA 120,740
47%
Gary IN 133,911
47%
Mobile AL 129,009
47%
New Haven CT 164,443
47%
Scranton PA 125,536
47%
Wichita KS 168,279
47%
Wilmington DE 110,356
47%
Allentown PA 106,756
40%
Arlington VA 135,449
40%
Chattanooga TN 131,041
40%
Erie PA 130,803
40%
Evansville IN 128,636
40%
Flint MI 163,143
40%
Camden NJ 124,555
33%
Canton OH 116,912
33%
South Bend IN 115,911
33%
Elizabeth NJ 112,817
27%
Fall River MA 111,963
27%
Paterson NJ 139,336
27%
Peoria IL 111,856
27%
Reading PA 109,320
27%
Youngstown OH 168,330
27%
Berkeley CA 113,805
20%
New Bedford MA 109,189
20%
No matching quizzes found
Score Distribution
Percent of People with Each Score
Percentile by Number Answered
Your Score History
You have not taken this quiz